The test design handbook

Saved in:
Bibliografiske detaljer
Hovedforfatter: Copperud, Carol (Author)
Format: Bog
Sprog:spansk
Udgivet: Englewood Cliffs Educational Technology 1979
Fag:
Tags: Tilføj Tag
Ingen Tags, Vær først til at tagge denne postø!

MARC

LEADER 00000nam a2200000 a 4500
001 UCU1193
003 CL-VaPUC
008 960329e19790000US |||||||||||||||||spa|d
082 0 4 |a 371.26  |b COP  |2 21 
100 0 |a Copperud, Carol  |e author  |9 356813 
245 1 4 |a The test design handbook 
300 |a 150 p 
942 |c BK 
945 |d 19960329 00:00:00  |a paguirre 
260 |a Englewood Cliffs  |b Educational Technology  |c 1979 
650 7 |a TESTS  |2 CL-VaPUC  |9 309359 
650 0 |a Evaluación de la educación   |9 237505 
650 7 |a PRACTICA DE TESTS EDUCACIONALES  |2 CL-VaPUC  |9 356814 
650 0 |a Planificación de la educación   |9 307333 
583 |a last modification  |c 20130414 11:02:47  |k Rodrigo Vera 
999 |c 245902  |d 245900 
952 |0 0  |1 0  |4 0  |6 371_260000000000000_COP_1979  |7 0  |8 P  |9 260531  |a BIBEDU  |b BIBEDU  |c BIBEDU_PB  |d 2019-11-19  |i 2014505  |o 371.26 COP 1979  |p 2014505  |r 2024-01-25  |w 2019-11-19  |y BK  |k EDU